000 00376nam a22001697a 4500
003 MPLRDC
005 20220104150655.0
008 210129b ||||| |||| 00| 0 eng d
082 _a996 ZSX
100 _a张淑霞发行
245 _a可爱的童玩
_c
250 _a初版
260 _a
_b宏文出版社
_c1993
300 _b
650 _a
942 _cBK
_o996 ZSX
999 _c51990
_d51980